000 00474nam a2200181Ia 4500
008 230711s9999||||xx |||||||||||||| ||und||
020 _a978-81-317-1026-5
041 _aENG
082 _a4.16
_bMA-M
100 _aJanice Gillispie Mazidi
245 4 _aThe 8051 microcontroller and embedded systems using assembly
250 _a2nd Ed.
260 _c2013
_aDelhi
_bPearson
300 _a547
650 _aComputer Engineering
700 _aRolin D.Mckinlay
942 _cBK
999 _c5191
_d5191